Bailey & Scott’s diagnostic microbiology

में बचाया:
ग्रंथसूची विवरण
मुख्य लेखक: Forbes, Betty A.
स्वरूप: पुस्तक
भाषा:Undetermined
प्रकाशित: St. Louis Mosby Elsevier 2007
विषय:
टैग : टैग जोड़ें
कोई टैग नहीं, इस रिकॉर्ड को टैग करने वाले पहले व्यक्ति बनें!
Thư viện lưu trữ: Trung tâm Học liệu Trường Đại học Cần Thơ
LEADER 00625nam a2200193Ia 4500
001 CTU_145408
008 210402s9999 xx 000 0 und d
020 |c 117.46 
082 |a 616.90475 
082 |b F693 
100 |a Forbes, Betty A. 
245 0 |a Bailey & Scott’s diagnostic microbiology 
245 0 |c Betty A. Forbes, Daniel F. Sahm, Alice S. Weissfeld ; photography by Ernest A. Trevino. 
260 |a St. Louis 
260 |b Mosby Elsevier 
260 |c 2007 
650 |a Diagnostic microbiology,Chẩn đoán vi trùng học 
904 |i Năm 
980 |a Trung tâm Học liệu Trường Đại học Cần Thơ